| 000 | 00832nam a22002297a 4500 | ||
|---|---|---|---|
| 003 | 0 | ||
| 005 | 20250820153751.0 | ||
| 008 | 250820b xxu||||| |||| 00| 0 eng d | ||
| 020 | _a978-1-382-05666-3 | ||
| 050 |
_aTR IB BF 121 _b.P67 2025 |
||
| 100 |
_aPopov, Alexey, _eauthor. |
||
| 245 |
_aPsychology : _bcourse companion / _cAlexey Popov. |
||
| 250 | _a2025 edition. | ||
| 260 |
_aOxford, United Kingdom : _bOxford University Press, _c2025. |
||
| 300 |
_axiii, 540 pages : _bcolor illustrations ; _c28 cm. |
||
| 500 | _aOxford Resources for IB Diploma Program. | ||
| 504 | _aIncludes bibliographical references and index. | ||
| 650 |
_aPsychology _vStudy and teaching (Secondary) _vTextbooks. |
||
| 650 |
_aPsychology _vExaminations _vStudy guides. |
||
| 650 |
_aInternational Baccalaureate _vStudy guides. |
||
| 942 |
_2lcc _cBK |
||
| 999 |
_c367534 _d367534 |
||